000 01360nam a2200349 i 4500
003 EG-GICUC
005 20260217115552.0
008 251117s1979 ua ||||fr|||| 00| 0 ara d
017 _a79/3548
020 _a9773061787
040 _a EG-GICUC
_bara
_c EG-GICUC
_d EG-GICUC
_erda
041 0 _aara
082 0 4 _221
_a345
_bس ل . م
092 0 4 _221
099 _aLaw1 07 345 س ل . م 1979
100 0 _aسليمان محمد الطماوى
_eمؤلف.
245 1 0 _aمبادئ القانون الإداري :
_bدراسة مقارنة.
_nالكتاب الثالث،
_pأموال الإدارة العامة وامتيازاتها /
_cالدكتور سليمان محمد الطماوى.
264 _aالقاهرة :
_bدار الفكر العربي،
_c1979.
300 _a392 صفحة ؛
_c24 سم.
336 _2rda content
_atext
337 _2rda media
_aComputer
338 _2rda carrier
_aOnline Resource
504 _aيشتمل على إرجاعات ببليوجرافية.
546 _aالنص باللغة العربية
650 1 4 _aابرام العقود الإدارية
_2qrmak
650 1 4 _aطرق ابرام العقد الإداري
650 1 4 _aالقرارت الإدارية
651 1 _2qrmak
856 4 0 _uhttps://fll.law.cu.edu.eg/fulltext/bks/B07-00582.pdf
905 _a65
942 _2ddc
_cBK
_e21
_n0
999 _c43743
_d43743